An evolutionary theory of economic change

This book contains the most sustained and serious attack on mainstream, neoclassical economics in more than forty years. Nelson and Winter focus their critique on the basic question of how firms and industries change overtime. They marshal significant objections to the fundamental neoclassical assum...

Disgrifiad llawn

Wedi'i Gadw mewn:
Manylion Llyfryddiaeth
Prif Awdur: Nelson, Richard R.
Fformat: Llyfr
Iaith:Undetermined
Cyhoeddwyd: Cambridge, Mass Belknap Press of Harvard University Press 1982
Pynciau:
Tagiau: Ychwanegu Tag
Dim Tagiau, Byddwch y cyntaf i dagio'r cofnod hwn!
Thư viện lưu trữ: Trung tâm Học liệu Trường Đại học Cần Thơ
LEADER 01054nam a2200205Ia 4500
001 CTU_218498
008 210402s9999 xx 000 0 und d
082 |a 338.9 
082 |b N429 
100 |a Nelson, Richard R. 
245 3 |a An evolutionary theory of economic change 
245 0 |c Richard R. Nelson, Sidney G. Winter 
260 |a Cambridge, Mass 
260 |b Belknap Press of Harvard University Press 
260 |c 1982 
520 |a This book contains the most sustained and serious attack on mainstream, neoclassical economics in more than forty years. Nelson and Winter focus their critique on the basic question of how firms and industries change overtime. They marshal significant objections to the fundamental neoclassical assumptions of profit maximization and market equilibrium, which they find ineffective in the analysis of technological innovation and the dynamics of competition among firms. 
650 |a Economics 
650 |x Kinh tế học 
904 |i Trúc 
980 |a Trung tâm Học liệu Trường Đại học Cần Thơ